Pays d'origine de joueurs NBA - Statistiques

Statistiques générales
  • Ce quiz a été pris 76 fois
  • Le résultat moyen est 19 sur 33
Statistiques - réponses
Joueur Équipe Pays % Correct
Victor Wembanyama San Antonio Spurs France
100%
Giannis Antetokoúnmpo Milwaukee Bucks Grèce
94%
Nikola Jokić Denver Nuggets Serbie
94%
Dennis Schröder Detroit Pistons Allemagne
93%
Luka Dončić Los Angeles Lakers Slovénie
93%
Alperen Şengün Houston Rockets Turquie
90%
Kristaps Porziņģis Boston Celtics Lettonie
81%
Pascal Siakam Indiana Pacers Cameroun
79%
Ivica Zubac Los Angeles Clippers Croatie / Bosnie-Herzégovine
76%
Rui Hachimura Los Angeles Lakers Japon
75%
Domantas Sabonis Sacramento Kings Lituanie
73%
Ben Simmons Los Angeles Clippers Australie
72%
Lauri Markkanen Utah Jazz Finlande
67%
Nikola Vučević Chicago Bulls Monténégro
67%
Simone Fontecchio Detroit Pistons Italie
66%
Goga Bitadze Orlando Magic Géorgie
64%
Santi Aldama Memphis Grizzlies Espagne
55%
Sviatoslav Mykhaïliouk Utah Jazz Ukraine
54%
Clint Capela Atlanta Hawks Suisse
46%
OG Anunoby New York Knicks Royaume-Uni / Nigeria
45%
Deandre Ayton Portland Trail Blazers Bahamas
43%
Steven Adams Houston Rockets Nouvelle-Zélande
42%
Toumani Camara Portland Trail Blazers Belgique
36%
Jordan Clarkson Utah Jazz Philippines / USA
34%
Bol Bol Phoenix Suns Soudan du Sud / USA
34%
Jakob Pöltl Toronto Raptors Autriche
33%
Precious Achiuwa New York Knicks Nigeria
33%
Jeremy Sochan San Antonio Spurs Pologne / USA
33%
Al Horford Boston Celtics République Dominicaine
33%
Kyle Anderson Miami Heat Chine / USA
27%
Neemias Queta Boston Celtics Portugal
27%
Jonathan Kuminga Golden State Warriors République Démocratique du Congo
24%
Nick Richards Phoenix Suns Jamaïque
13%
Aucun quiz correspondant
Distribution des résultats
% des personnes avec chaque résultat
Percentile par nombre de réponses
Votre historique - résultats
Vous n’avez pas pris ce quiz